Dinero y política: la cuadratura del círculo de la democracia en América Latina /
Guardado en:
| Hovedforfatter: | |
|---|---|
| Format: | Texto |
| Fag: | |
| Tags: |
Tilføj Tag
Ingen Tags, Vær først til at tagge denne postø!
|
MARC
| LEADER | 00000 a a2200000 04500 | ||
|---|---|---|---|
| 001 | 16370 | ||
| 003 | |||
| 040 | |||
| 100 | |a García Laguardia, José Mario | ||
| 245 | |a Dinero y política: |b la cuadratura del círculo de la democracia en América Latina / |c José Mario García Laguardia | ||
| 650 | |a PARTIDOS POLITICOS | ||
| 650 | |a PROPAGANDA | ||
| 650 | |a FINANCIAMIENTO | ||
| 650 | |a EMPRESARIOS | ||
| 650 | |a POLITICOS | ||
| 650 | |a CORRUPCION | ||
| 650 | |a CRISIS POLITICA | ||
| 650 | |a CLIENTELISMO POLITICO | ||
| 650 | |a DEMOCRACIA | ||
| 650 | |a PODER POLITICO | ||
| 773 | |g número 34 -35; páginas 521-550 | ||
| 999 | |c 22358 |d 22358 | ||
